000 00509nam a22001577a 4500
003 OSt
005 20251203104234.0
008 251203b |||||||| |||| 00| 0 eng d
040 _aDWCL-Main lib
_cOC
082 _2Student ed.
_aFil. 657.3 P552 2007
245 _aPhilippine Accounting Standards and Philippine Financial Reporting Standards vol. 1
260 _aManila :
_bMade Easy Books,
_cc2007.
300 _aiv, 771 pages ;
_c25 cm.
650 _21. Accounting.
942 _2ddc
_cBK-FIL
_eStudent ed.
_kFil.
_n0
999 _c6746
_d6746